La canción de celestina : (Registro nro. 6992)
[ vista simple ]
| 000 -LEADER | |
|---|---|
| fixed length control field | 01274nam a22002897a 4500 |
| 003 - CONTROL NUMBER IDENTIFIER | |
| control field | OSt |
| 005 - DATE AND TIME OF LATEST TRANSACTION | |
| control field | 20201028131533.0 |
| 008 - FIXED-LENGTH DATA ELEMENTS--GENERAL INFORMATION | |
| fixed length control field | 201028s1999 sp a|||br|||| 00| 0 spa d |
| 020 ## - INTERNATIONAL STANDARD BOOK NUMBER | |
| International Standard Book Number | 8440690223 |
| 040 ## - CATALOGING SOURCE | |
| Original cataloging agency | CO-JMCR |
| Transcribing agency | CO-JMCR |
| 041 1# - LANGUAGE CODE | |
| Language code of text/sound track or separate title | spa |
| Language code of original | eng |
| 082 04 - DEWEY DECIMAL CLASSIFICATION NUMBER | |
| Classification number | C / |
| Item number | REDc |
| Edition number | 23 |
| 100 1# - MAIN ENTRY--PERSONAL NAME | |
| Personal name | Redfield, James, |
| Relator term | autor |
| 9 (RLIN) | 12101 |
| 245 13 - TITLE STATEMENT | |
| Title | La canción de celestina : |
| Remainder of title | la novena revelación para niños / |
| Statement of responsibility, etc. | James Redfield y Dee Lillegard ; ilustraciones de Dean Morrissey ; traducción, Marcé Diago y Ábel Debritto |
| 250 ## - EDITION STATEMENT | |
| Edition statement | 1ª. edición. |
| 260 ## - PUBLICATION, DISTRIBUTION, ETC. | |
| Place of publication, distribution, etc. | Barcelona ; |
| -- | Bogotá : |
| Name of publisher, distributor, etc. | Ediciones B, |
| Date of publication, distribution, etc. | 1999. |
| 300 ## - PHYSICAL DESCRIPTION | |
| Extent | [45] páginas : |
| Other physical details | ilustraciones a color ; |
| Dimensions | 31 cm. |
| 520 0# - SUMMARY, ETC. | |
| Summary, etc. | Había una vez un inquieto niño llamado Celestino que estaba solo en el mundo y no se sentía amado. <br/>Un día fue al bosque y encontró un sendero...<br/>Quiso seguirlo, pero perdió en camino. |
| 650 24 - SUBJECT ADDED ENTRY--TOPICAL TERM | |
| Topical term or geographic name entry element | Literatura infantil |
| General subdivision | Cuentos |
| 9 (RLIN) | 12102 |
| 650 24 - SUBJECT ADDED ENTRY--TOPICAL TERM | |
| Topical term or geographic name entry element | Vida espiritual |
| General subdivision | ficción juvenil |
| 9 (RLIN) | 12103 |
| 650 24 - SUBJECT ADDED ENTRY--TOPICAL TERM | |
| Topical term or geographic name entry element | Conducta de la vida |
| General subdivision | ficción |
| 9 (RLIN) | 12104 |
| 700 1# - ADDED ENTRY--PERSONAL NAME | |
| Personal name | Lillegard, Dee, |
| Relator term | autor |
| 9 (RLIN) | 12105 |
| 700 1# - ADDED ENTRY--PERSONAL NAME | |
| Personal name | Morrissey, Dean, |
| Relator term | ilustrador |
| 9 (RLIN) | 12106 |
| 700 1# - ADDED ENTRY--PERSONAL NAME | |
| Personal name | Diago, Marcé, |
| Relator term | traductora |
| 9 (RLIN) | 12107 |
| 700 1# - ADDED ENTRY--PERSONAL NAME | |
| Personal name | Debritto, Ábel, |
| Relator term | traductor |
| 9 (RLIN) | 12108 |
| 942 ## - ADDED ENTRY ELEMENTS (KOHA) | |
| Source of classification or shelving scheme | Dewey Decimal Classification |
| Koha item type | Books |
| Withdrawn status | Lost status | Source of classification or shelving scheme | Damaged status | Not for loan | Home library | Current library | Shelving location | Date acquired | Source of acquisition | Total Checkouts | Total Renewals | Full call number | Barcode | Date last seen | Date last checked out | Copy number | Price effective from | Koha item type |
|---|---|---|---|---|---|---|---|---|---|---|---|---|---|---|---|---|---|---|
| Dewey Decimal Classification | Biblioteca Pública José María del Castillo y Rada | Biblioteca Pública José María del Castillo y Rada | Children's Area | 10/02/2020 | Donación | 5 | 1 | C / REDc | 201810236 | 07/28/2025 | 07/25/2025 | Ej.1 | 10/02/2020 | Books |